000 005430000a22001810004500
003 MACL
005 20160209121710.0
008 160209b xxu||||| |||| 00| 0 eng d
040 _aMACL
_cMACL
041 _aHindi
082 _a070
100 _aव्‍यास लक्ष्‍मीशंकर
_937404
245 _aपगडकर जी अौर पत्रकारिता
260 _bभारतीय ज्ञानपीठ
_c1960
_aकाशी
350 _a5
650 _aMedia
_937413
942 _cHIN
_k070
_2ddc
999 _c24986
_d24986